Irrlicht und Feuer. /
Uložené v:
| Hlavný autor: | |
|---|---|
| Médium: | Kniha |
| Jazyk: | German |
| Vydané: |
Reinbek bei Hamburg :
Rowohlt Taschenbuch Verlag GmbH,
1994
|
| Vydanie: | 1. vyd. |
| Edícia: | rororo
890. |
| Témy: | |
| ISBN: |
3499109166 (brož.) |
| Fyzický popis: |
187 s. |
| Tagy: |
Pridať tag
Žiadne tagy, Buďte prvý kto otaguje tento záznam!
|
Titul je dostupný aj v ... 

MARC
| LEADER | 00000nam a2200000 a 4500 | ||
|---|---|---|---|
| 001 | 000026521 | ||
| 003 | SVKK | ||
| 005 | 19960820000000.0 | ||
| 008 | 960524s1994 gw e gero | ||
| 020 | |a 3499109166 (brož.) | ||
| 040 | |a SVKKK |b slo |c SVKKK |e AACR2 | ||
| 041 | 0 | |a ger | |
| 044 | |a gw |c DB | ||
| 080 | |a 830-3 Grün, M. von |2 1997 | ||
| 100 | 1 | |a Gruen, Max von der |4 aut | |
| 245 | 1 | 0 | |a Irrlicht und Feuer. / |c Max von der Gruen |
| 250 | |a 1. vyd. | ||
| 260 | |a Reinbek bei Hamburg : |b Rowohlt Taschenbuch Verlag GmbH, |c 1994 | ||
| 300 | |a 187 s. | ||
| 440 | 0 | |a rororo |v 890. | |
| 655 | 7 | |a umelecká literatúra |2 SVKKKPH | |
| 910 | |a svkkk | ||
| 919 | |a 3-499-10916-6 | ||
| 974 | |a MI |d 19960724 | ||
| 974 | |a KL |d 19960612 | ||
| 974 | |a PA |d 19960820 | ||
| 998 | |a BK | ||
| 090 | |g SCKHL |k Sklad Hlavná 10 prízemie |a I.66946 |j 896040 |i 2720387357 |s Absenčne | ||